| 000 | 01107cam a22002774a 4500 | ||
|---|---|---|---|
| 999 |
_c330218 _d330218 |
||
| 001 | 12664575 | ||
| 003 | NUST | ||
| 005 | 20170614110225.0 | ||
| 008 | 020201s2003 njuab b 001 0 eng | ||
| 010 | _a 2002022048 | ||
| 020 | _a8120321464 | ||
| 040 |
_aDLC _cDLC _dDLC |
||
| 042 | _apcc | ||
| 050 | 0 | 0 |
_aTD193 _b.S7 2003 |
| 082 | 0 | 0 |
_a577.14 SPI _221 |
| 100 | 1 |
_aSpiro, Thomas G., _d1935- _92640 |
|
| 245 | 1 | 0 |
_aChemistry of the environment / _cThomas G. Spiro, William M. Stigliani. |
| 250 | _a2nd ed. | ||
| 260 |
_aNew Delhi _bPrentice Hall of India, _cc2003. |
||
| 300 |
_axiv, 489 p. : _bill., maps ; _c24 cm. |
||
| 500 | _aP.B | ||
| 504 | _aIncludes bibliographical references and index. | ||
| 650 | 0 |
_aEnvironmental chemistry. _9441 |
|
| 700 | 1 |
_aStigliani, William M. _92641 |
|
| 856 | 4 | 1 |
_3Table of contents _uhttp://www.loc.gov/catdir/toc/fy022/2002022048.html |
| 906 |
_a7 _bcbc _corignew _d1 _eocip _f20 _gy-gencatlg |
||
| 942 |
_2ddc _cBK _kIESE |
||